Médecine: enseignement des centres hospitalo-universitaires (Record no. 18657)
[ view plain ]
| 000 -LEADER | |
|---|---|
| fixed length control field | 00430 a2200181 4500 |
| 035 ## - SYSTEM CONTROL NUMBER | |
| System control number | 9145 |
| 100 ## - VEDETTE PRINCIPALE - NOM DE PERSONNE | |
| Personal name | Obraska, P. |
| 260 ## - PUBLICATION, DISTRIBUTION, ETC. (IMPRINT) | |
| Place of publication, distribution, etc | Paris |
| 260 ## - PUBLICATION, DISTRIBUTION, ETC. (IMPRINT) | |
| Name of publisher, distributor, etc | Masson et Cie |
| 245 ## - TITLE STATEMENT | |
| Title | Médecine: enseignement des centres hospitalo-universitaires |
| 260 ## - PUBLICATION, DISTRIBUTION, ETC. (IMPRINT) | |
| Date of publication, distribution, etc | 1973 |
| 300 ## - PHYSICAL DESCRIPTION | |
| Extent | 341 p. |
| 700 ## - ADDED ENTRY--PERSONAL NAME | |
| Personal name | Perlemuter, L. |
| 700 ## - ADDED ENTRY--PERSONAL NAME | |
| Personal name | Quevauvilliers, J. |
| Withdrawn status | Lost status | Damaged status | Not for loan | Location (home branch) | Sublocation or collection (holding branch) | Date acquired | Koha issues (times borrowed) | Koha full call number | Koha date last seen | Price effective from | Koha item type |
|---|---|---|---|---|---|---|---|---|---|---|---|
| Bibliothèque Faculté des Sciences de la Santé | Bibliothèque Faculté des Sciences de la Santé | 27/02/2009 | WB 143 OBR | 27/02/2009 | 27/02/2009 | Livre |